| 000 | 00799nam a2200253 4500 | ||
|---|---|---|---|
| 008 | |||
| 020 | _a0070727872 (pbk.) | ||
| 049 | _aMAIN | ||
| 090 | _aQC534 ZBA | ||
| 100 | 1 | _aZbar, Paul B. | |
| 245 | 1 | 0 |
_aBasic electricity : _ba text-lab manual / _cPaul B. Zbar. |
| 250 | _a4th ed. | ||
| 260 |
_aNew York : _bMcGraw-Hill, _c1974 |
||
| 300 |
_axvi, 352 p. : _bill. ; _c28 cm. |
||
| 500 | _aWith answers to self-tests. | ||
| 500 | _aPrevious ed.: New York : McGraw-Hill, 1966. | ||
| 650 | 0 |
_aElectric apparatus and appliances _xLaboratory manuals. |
|
| 650 |
_aElectric equipment _xexperiments- Laboratory manuals |
||
| 907 |
_a.b10048066 _b26-01-07 _c17-04-03 |
||
| 003 | |||
| 005 | 20230123134119.0 | ||
| 040 | _cNUST | ||
| 942 |
_cBOOKS _kQC534 ZBA |
||
| 999 |
_c160270 _d160270 |
||